[Event "Olimpiade 2016 - Donne"]
[Site "Baku"]
[Date "12.09.2016"]
[Round "10.21"]
[Board "2"]
[White "Vega Gutierrez, Sabrina"]
[Black "Dauletova, Gulmira"]
[Result "0-1"]
[WhiteTitle "IM"]
[BlackTitle "WIM"]
[WhiteElo "2411"]
[BlackElo "2275"]
[WhiteTeam "Spain"]
[BlackTeam "Kazakhstan"]
[WhiteFideId "2219026"]
[BlackFideId "13702971"]
[EventDate "2016.09.02"]

1. e4 c5 2. Nf3 e6 3. b3 Nf6 4. e5 Nd5 5. Bb2 Be7 6. c4 Nb4 7. Nc3 O-O 8. a3
N4c6 9. Ne4 a5 10. Bd3 d5 11. exd6 Bxd6 12. Qe2 f5 13. Nxd6 Qxd6 14. g4 Nd4 15.
Bxd4 cxd4 16. Ne5 Nc6 17. f4 Nxe5 18. fxe5 Qb6 19. Bc2 Bd7 20. Rf1 Qc5 21. g5
Rad8 22. Bd3 Bc6 23. Rf4 Be4 24. Bxe4 fxe4 25. Qxe4 Rxf4 26. Qxf4 Rf8 27. Qg3
Rf5 28. g6 hxg6 29. Ke2 Rxe5+ 30. Kd3 Rg5 31. Qb8+ Kh7 32. Qxb7 Rh5 33. Rf1 Rh3+
34. Kc2 Qxa3 35. Rf3 Qa2+ 36. Kd3 Rxf3+ 37. Qxf3 Qxb3+ 38. Ke4 Qb7+ 39. Kf4 e5+
40. Kg3 Qxf3+ 41. Kxf3 Kg8 42. Ke4 a4 43. c5 Kf7 44. Kd3 a3 45. Kc2 e4 0-1

[Event "Olimpiade 2016 - Donne"]
[Site "Baku"]
[Date "12.09.2016"]
[Round "10.21"]
[Board "3"]
[White "Zhylkaidarova, Sholpan"]
[Black "Collazo Hidalgo-Gato, Niala"]
[Result "1/2-1/2"]
[WhiteTitle "WFM"]
[BlackTitle "WIM"]
[WhiteElo "2162"]
[BlackElo "2268"]
[WhiteTeam "Kazakhstan"]
[BlackTeam "Spain"]
[WhiteFideId "13700138"]
[BlackFideId "3504476"]
[EventDate "2016.09.02"]

1. d4 g6 2. c4 Bg7 3. Nc3 Nf6 4. e4 d6 5. Nf3 O-O 6. Be2 Nbd7 7. O-O e5 8. Be3
Ng4 9. Bg5 f6 10. Bd2 Nh6 11. d5 a5 12. a3 Nc5 13. b3 Bd7 14. Rb1 f5 15. b4 axb4
16. axb4 Na4 17. Nxa4 Bxa4 18. Qc1 f4 19. b5 g5 20. Ne1 g4 21. Ra1 Qh4 22. Ra3
Kh8 23. Qa1 f3 24. Nxf3 gxf3 25. Bxf3 Rxf3 26. gxf3 Qh3 27. Kh1 Rf8 28. Rg1 Rxf3
29. Rg3 Rxa3 30. Qxa3 Qf1+ 31. Rg1 Qxf2 32. Bxh6 Bxh6 33. Qxa4 Qf3+ 34. Rg2 Qf1+
35. Rg1 1/2-1/2

[Event "Olimpiade 2016 - Donne"]
[Site "Baku"]
[Date "12.09.2016"]
[Round "10.21"]
[Board "4"]
[White "Aranaz Murillo, Amalia"]
[Black "Mukhit, Aisezym"]
[Result "1-0"]
[WhiteTitle "WIM"]
[WhiteElo "2279"]
[BlackElo "2065"]
[WhiteTeam "Spain"]
[BlackTeam "Kazakhstan"]
[WhiteFideId "22200371"]
[BlackFideId "13706349"]
[EventDate "2016.09.02"]

1. Nf3 c5 2. c4 Nc6 3. Nc3 g6 4. g3 Bg7 5. Bg2 e6 6. O-O Nge7 7. d3 d5 8. Bg5 h6
9. Bd2 O-O 10. a3 b6 11. Rb1 a5 12. b3 Ba6 13. Qc1 Kh7 14. Rd1 Ra7 15. Na2 Nf5
16. Bc3 Ncd4 17. Nxd4 Nxd4 18. Qb2 Nf5 19. Bxg7 Nxg7 20. cxd5 exd5 21. d4 Rd7
22. Nc3 Ne6 23. dxc5 d4 24. Na4 bxc5 25. Rbc1 Rc7 26. Qd2 Qb8 27. Bd5 Bb5 28.
Bxe6 Bxa4 29. bxa4 fxe6 30. Qxa5 Qa7 31. Qxa7 Rxa7 32. Rxc5 Rxa4 33. Rc7+ Kg8
34. Re7 Rf6 35. Rd3 Kf8 36. Rd7 e5 37. Rb3 Rf7 38. Rd6 Rg7 39. Rb8+ Ke7 40. Rc6
Ra7 41. Rcb6 Kf7 42. a4 g5 43. Rb5 Rxa4 44. Rxe5 Kf6 45. Re4 Kf5 46. f3 Rd7 47.
Rb6 h5 48. Rbe6 1-0

[Event "Olimpiade 2016 - Donne"]
[Site "Baku"]
[Date "12.09.2016"]
[Round "10.22"]
[Board "1"]
[White "Atalik, Ekaterina"]
[Black "Tsolakidou, Stavroula"]
[Result "1-0"]
[WhiteTitle "IM"]
[BlackTitle "WGM"]
[WhiteElo "2422"]
[BlackElo "2355"]
[WhiteTeam "Turkey"]
[BlackTeam "Greece"]
[WhiteFideId "4130189"]
[BlackFideId "4264312"]
[EventDate "2016.09.02"]

1. d4 Nf6 2. c4 e6 3. Nf3 Bb4+ 4. Bd2 a5 5. e3 b6 6. Bd3 Bb7 7. Nc3 O-O 8. O-O
Bxc3 9. Bxc3 Ne4 10. Bxe4 Bxe4 11. d5 Bg6 12. Ne5 d6 13. Nxg6 hxg6 14. dxe6 fxe6
15. Qd4 Qe7 16. Qe4 Nd7 17. Qxg6 Rf5 18. f4 Raf8 19. Rf3 Qf7 20. Qxf7+ R5xf7 21.
Kf2 Nc5 22. Ke2 Ne4 23. Rc1 Rf5 24. g4 R5f7 25. Rcf1 g6 26. Rh3 e5 27. Rhf3 Rh7
28. h3 exf4 29. exf4 Re7 30. Kd3 Nc5+ 31. Kc2 Re2+ 32. Kd1 Rh2 33. f5 Na4 34.
R1f2 Nxc3+ 35. bxc3 Rxf2 36. Rxf2 gxf5 37. Rxf5 Rxf5 38. gxf5 Kf7 39. Kd2 Kf6
40. Kd3 Kxf5 41. Kd4 c6 42. h4 Kg4 43. Ke4 b5 44. cxb5 cxb5 45. a3 Kxh4 46. Kd5
Kg5 47. Kxd6 Kf6 48. Kc6 b4 49. cxb4 axb4 50. axb4 1-0

[Event "Olimpiade 2016 - Donne"]
[Site "Baku"]
[Date "12.09.2016"]
[Round "10.22"]
[Board "4"]
[White "Kouvatsou, Maria"]
[Black "Isgandarova, Khayala"]
[Result "1/2-1/2"]
[WhiteTitle "WGM"]
[BlackTitle "WIM"]
[WhiteElo "2085"]
[BlackElo "2188"]
[WhiteTeam "Greece"]
[BlackTeam "Turkey"]
[WhiteFideId "4203593"]
[BlackFideId "13401823"]
[EventDate "2016.09.02"]

1. e4 e6 2. d4 d5 3. exd5 exd5 4. c4 Nf6 5. Nc3 Be7 6. Bd3 Nc6 7. cxd5 Nxd5 8.
Nge2 Be6 9. O-O O-O 10. a3 Re8 11. Qc2 h6 12. Ne4 Bg4 13. f3 Bc8 14. Rd1 a6 15.
Kh1 Bf8 16. Bc4 Nce7 17. Nf4 c6 18. Qf2 Nxf4 19. Bxf4 Nd5 20. Be5 Bf5 21. Ng3
Be6 22. Ne4 Ne3 23. Qxe3 Bxc4 24. Qc3 Bd5 25. Nc5 b6 26. Nd3 Qd7 27. Rac1 f6 28.
Bg3 Rac8 29. Nb4 a5 30. Nxd5 Qxd5 31. Qc4 b5 32. Qd3 Red8 33. h4 Rd7 34. Rc2 a4
35. Bf2 Qh5 36. Qe4 c5 37. d5 Re8 38. Qd3 c4 39. Qd4 Red8 40. Rcd2 Bd6 41. Re2
Qf5 42. Re4 Bb8 43. Qb6 Ba7 44. Qxb5 Bxf2 45. Qxc4 Kh7 46. Rf4 Qg6 47. Rg4 Qf5
48. Rf4 Qg6 49. Rg4 1/2-1/2

[Event "Olimpiade 2016 - Donne"]
[Site "Baku"]
[Date "12.09.2016"]
[Round "10.23"]
[Board "1"]
[White "Arakhamia-Grant, Ketevan"]
[Black "Cramling, Pia"]
[Result "1/2-1/2"]
[WhiteTitle "GM"]
[BlackTitle "GM"]
[WhiteElo "2381"]
[BlackElo "2444"]
[WhiteTeam "Scotland"]
[BlackTeam "Sweden"]
[WhiteFideId "13600168"]
[BlackFideId "1700030"]
[EventDate "2016.09.02"]

1. e4 c5 2. Nf3 a6 3. c4 e6 4. Nc3 Qc7 5. Be2 b6 6. O-O Bb7 7. d4 cxd4 8. Nxd4
Nf6 9. f3 Be7 10. Be3 d6 11. Rc1 O-O 12. Qd2 Nbd7 13. Rfd1 Rac8 14. Bf1 Qb8 15.
Kh1 Rfe8 16. Bg1 h5 17. Bf2 Bd8 18. Nc2 Ne5 19. b3 Bc7 20. Bh4 Nh7 21. Bg3 Rcd8
22. f4 Ng4 23. Qe2 f5 24. exf5 exf5 25. Qd3 Qc8 26. Nd5 Nhf6 27. h3 Nxd5 28.
cxd5 Nf6 29. Bh4 Rf8 30. Bxf6 Rxf6 31. Be2 Re8 32. Bf3 Qd7 33. Nd4 b5 34. Ne6
Bb6 35. Bxh5 Rexe6 36. dxe6 Rxe6 37. Bf3 Re3 38. Bd5+ Kh8 39. Qd2 Qe7 40. Bxb7
Qxb7 41. Rc3 Re6 42. Re1 Re4 43. Rxe4 Qxe4 44. b4 d5 45. Qd1 Qe8 46. Qc1 Kh7 47.
Rc6 Bf2 48. Rc8 Qe6 49. Rc6 Qe8 50. Rc2 Be3 51. Re2 d4 52. Qc2 Qe6 53. Qd3 Qf7
54. Rc2 g6 55. a3 Qe7 56. Re2 Qc7 57. Rxe3 Qc1+ 58. Kh2 dxe3 59. Qd7+ Kh6 60.
Qd4 Kh7 61. Qd7+ Kh6 62. Qd4 Kh7 1/2-1/2

[Event "Olimpiade 2016 - Donne"]
[Site "Baku"]
[Date "12.09.2016"]
[Round "10.23"]
[Board "3"]
[White "Espinosa Cancino, Monica"]
[Black "Bengtsson, Jessica"]
[Result "1/2-1/2"]
[WhiteElo "1679"]
[BlackElo "2005"]
[WhiteTeam "Scotland"]
[BlackTeam "Sweden"]
[WhiteFideId "22253025"]
[BlackFideId "1711083"]
[EventDate "2016.09.02"]

1. d4 Nf6 2. Nf3 e6 3. e3 d5 4. Bd3 c5 5. b3 Nc6 6. Bb2 Bd6 7. Ne5 cxd4 8. exd4
Qc7 9. Qe2 O-O 10. a3 b6 11. Nd2 Bb7 12. O-O Ne7 13. Ndf3 h6 14. Rfe1 Ne4 15. c4
Rae8 16. Rac1 Nf6 17. cxd5 Qb8 18. dxe6 fxe6 19. Bb5 Rd8 20. Nc6 Nxc6 21. Qxe6+
Kh8 22. Bxc6 Bc8 23. Qe2 Bf4 24. Rcd1 Nd5 25. Qc4 Nf6 26. h3 Qd6 27. Ne5 Bf5 28.
Bb7 Qb8 29. Ba6 Bxe5 30. dxe5 Rxd1 31. Rxd1 Nd7 32. Qd4 Nc5 33. Bc4 Ne6 34. Qd6
Qe8 35. g4 Nf4 36. Bf1 Bc2 37. Rd2 Bxb3 38. Qb4 Qf7 39. Kh2 Be6 40. Qd6 Ng6 41.
Bg2 Nf4 42. Be4 Kg8 43. Rc2 Nxh3 44. Kxh3 Bxg4+ 45. Kg2 Bf3+ 46. Bxf3 Qxf3+ 47.
Kf1 Qh1+ 48. Ke2 Qe4+ 49. Kd1 Qh1+ 50. Ke2 Qe4+ 51. Kd1 Qh1+ 52. Kd2 Rxf2+ 53.
Kc3 Qh3+ 54. Qd3 Rf3 55. Rd2 1/2-1/2

[Event "Olimpiade 2016 - Donne"]
[Site "Baku"]
[Date "12.09.2016"]
[Round "10.23"]
[Board "4"]
[White "Fransson, Angelina"]
[Black "Rutherford, Kathleen"]
[Result "1-0"]
[WhiteElo "1996"]
[BlackElo "1643"]
[WhiteTeam "Sweden"]
[BlackTeam "Scotland"]
[WhiteFideId "1712632"]
[BlackFideId "2404117"]
[EventDate "2016.09.02"]

1. e4 c5 2. Nf3 d6 3. Bb5+ Bd7 4. Bxd7+ Nxd7 5. O-O Ngf6 6. Re1 g6 7. c3 Bg7 8.
d4 cxd4 9. cxd4 Rc8 10. Nc3 O-O 11. Bf4 Qb6 12. Qd2 Rfd8 13. Bg5 Rc4 14. Rad1 h6
15. Be3 Rb4 16. b3 Rc8 17. e5 Ng4 18. Nd5 Qb5 19. Nxe7+ Kh7 20. Nxc8 dxe5 21.
Nd6 Qa5 22. Nc4 Qb5 23. a4 1-0

[Event "Olimpiade 2016 - Donne"]
[Site "Baku"]
[Date "12.09.2016"]
[Round "10.24"]
[Board "1"]
[White "Baciu, Diana"]
[Black "Wafa, Shrook"]
[Result "1-0"]
[WhiteTitle "WIM"]
[BlackTitle "WGM"]
[WhiteElo "2279"]
[BlackElo "2106"]
[WhiteTeam "Moldova"]
[BlackTeam "Egypt"]
[WhiteFideId "13903284"]
[BlackFideId "10609970"]
[EventDate "2016.09.02"]

1. e4 c5 2. Nf3 d6 3. Bb5+ Nd7 4. O-O a6 5. Bd3 g6 6. c3 Bg7 7. Bc2 Ngf6 8. d4
O-O 9. h3 b5 10. e5 Ne8 11. Be4 Rb8 12. Bf4 Bb7 13. Nbd2 d5 14. Bc2 Nc7 15. dxc5
Nxc5 16. Nd4 N7e6 17. Bh2 Rc8 18. f4 Qb6 19. Kh1 Nxd4 20. cxd4 Na4 21. Bxa4 bxa4
22. Qxa4 Bc6 23. Qa3 Bb5 24. Rfc1 Qxd4 25. Nf3 Qa7 26. Bg1 Qd7 27. Bc5 Rc7 28.
Qe3 Rfc8 29. b3 Bh6 30. a4 Bc6 31. Nd4 Bb7 32. b4 a5 33. Nb5 d4 34. Qg3 Bxf4 35.
Qxf4 Qxh3+ 36. Qh2 Qxh2+ 37. Kxh2 Rd7 38. Bxd4 axb4 39. Rxc8+ Bxc8 40. Rb1 Bb7
41. Rxb4 f6 42. e6 Rd5 43. Nc7 Rh5+ 44. Kg1 Bc6 45. Rc4 Bb7 46. Bxf6 1-0

[Event "Olimpiade 2016 - Donne"]
[Site "Baku"]
[Date "12.09.2016"]
[Round "10.24"]
[Board "2"]
[White "Wafa, Shahenda"]
[Black "Hincu, Olga"]
[Result "1/2-1/2"]
[WhiteTitle "WIM"]
[BlackTitle "WFM"]
[WhiteElo "2113"]
[BlackElo "2125"]
[WhiteTeam "Egypt"]
[BlackTeam "Moldova"]
[WhiteFideId "10609962"]
[BlackFideId "13904108"]
[EventDate "2016.09.02"]

1. e4 e6 2. d4 d5 3. Nc3 Nf6 4. Bg5 Be7 5. e5 Nfd7 6. Bxe7 Qxe7 7. f4 O-O 8. Nf3
c5 9. Bd3 f6 10. O-O cxd4 11. exf6 Qxf6 12. Ne2 Nc6 13. Kh1 Nc5 14. Nfxd4 Bd7
15. Nxc6 bxc6 16. b4 Nxd3 17. Qxd3 e5 18. fxe5 Qxf1+ 19. Rxf1 Rxf1+ 20. Ng1 Raf8
21. h3 Rc1 22. Kh2 Bf5 23. Qe3 Rxc2 24. a3 Be4 25. Ne2 Re8 26. h4 Rxe5 27. Qxa7
Rf5 28. Qe3 Rf1 29. Kg3 h6 30. Nf4 g5 31. hxg5 hxg5 32. Ne2 Rf5 33. a4 Kg7 34.
b5 cxb5 35. axb5 Kg6 36. b6 Rb2 37. Kh3 Re5 38. Kh2 Re6 39. b7 Rxb7 40. Nd4 Reb6
41. Nf3 Bxf3 42. gxf3 Rh7+ 43. Kg3 Rf6 44. Qe8+ Rhf7 45. Qg8+ Kf5 46. Qc8+ Re6
47. Qc2+ Kf6 48. Kg4 Kg7 49. Qb2+ Kh7 50. Qc2+ Rg6 51. Qh2+ Kg8 52. Qb8+ Rf8 53.
Qb3 Rd8 54. Qb1 Rg7 55. Qb6 Rf8 56. Qe6+ Kh7 57. Qxd5 Rf4+ 58. Kg3 Kh6 59. Qe6+
Rg6 60. Qh3+ Rh4 61. Qc8 Kg7 62. Qd7+ Kf6 63. Qd6+ Kf7 64. Qd5+ Kg7 65. Qe5+ Kf7
66. Qf5+ Kg7 1/2-1/2

[Event "Olimpiade 2016 - Donne"]
[Site "Baku"]
[Date "12.09.2016"]
[Round "10.24"]
[Board "3"]
[White "Partac, Elena"]
[Black "Sherif, Amina"]
[Result "1-0"]
[WhiteTitle "WGM"]
[BlackTitle "WIM"]
[WhiteElo "2086"]
[BlackElo "2028"]
[WhiteTeam "Moldova"]
[BlackTeam "Egypt"]
[WhiteFideId "13901001"]
[BlackFideId "12911690"]
[EventDate "2016.09.02"]

1. e4 d5 2. exd5 Qxd5 3. Nc3 Qd6 4. g3 e5 5. Bg2 Nf6 6. Nge2 c6 7. h3 Bf5 8. d4
exd4 9. Nxd4 Bg6 10. O-O Be7 11. Ndb5 Qd8 12. Bf4 Qxd1 13. Nc7+ Kd8 14. Raxd1+
Nbd7 15. Nxa8 Kc8 16. g4 Nc5 17. Nc7 Bd8 18. N7b5 cxb5 19. Nxb5 Bc7 20. Nxc7 a6
21. Nd5 Nxd5 22. Rxd5 Ne6 23. Bg3 h5 24. Rfd1 1-0

[Event "Olimpiade 2016 - Donne"]
[Site "Baku"]
[Date "12.09.2016"]
[Round "10.24"]
[Board "4"]
[White "Elansary, Eman"]
[Black "Gitu, Paula-Alexandra"]
[Result "1-0"]
[WhiteTitle "WIM"]
[BlackTitle "WFM"]
[WhiteElo "1949"]
[BlackElo "1892"]
[WhiteTeam "Egypt"]
[BlackTeam "Moldova"]
[WhiteFideId "10606700"]
[BlackFideId "13904620"]
[EventDate "2016.09.02"]

1. d4 d6 2. c4 e5 3. Nf3 e4 4. Ng5 f5 5. g3 Be7 6. Nh3 Nf6 7. Bg2 c6 8. O-O O-O
9. Nc3 Na6 10. f3 exf3 11. exf3 Nc7 12. Re1 d5 13. c5 b6 14. b4 Be6 15. Nf4 Bf7
16. Be3 bxc5 17. bxc5 Ne6 18. Nd3 Qc7 19. Bf2 Rfe8 20. Ne5 f4 21. Qa4 Rec8 22.
Bh3 Ng5 23. Bxc8 Rxc8 24. Kg2 Be6 25. gxf4 Bh3+ 26. Kg1 Ne6 27. Bg3 Nh5 28. Ne2
Nxg3 29. hxg3 g5 30. g4 1-0

[Event "Olimpiade 2016 - Donne"]
[Site "Baku"]
[Date "12.09.2016"]
[Round "10.25"]
[Board "1"]
[White "Repkova, Eva"]
[Black "Sanchez Castillo, Sarai Carolina"]
[Result "1-0"]
[WhiteTitle "IM"]
[BlackTitle "IM"]
[WhiteElo "2332"]
[BlackElo "2182"]
[WhiteTeam "Slovakia"]
[BlackTeam "Venezuela"]
[WhiteFideId "14900440"]
[BlackFideId "3900754"]
[EventDate "2016.09.02"]

1. e4 e6 2. b3 d5 3. Bb2 Nf6 4. e5 Nfd7 5. Qg4 c5 6. f4 Nc6 7. Nf3 g6 8. Be2 h5
9. Qg3 Bh6 10. Nc3 a6 11. O-O b5 12. Nxd5 exd5 13. e6 d4 14. Bd3 fxe6 15. Qxg6+
Ke7 16. f5 Qg8 17. Nh4 Nde5 18. f6+ Kd6 19. Qe4 Qg4 20. Qe1 Nxd3 21. cxd3 Ne5
22. h3 Qg5 23. Qe4 Bd7 24. b4 Bc6 25. bxc5+ Kc7 26. Qxd4 Nf7 27. Rae1 Rad8 28.
Qb4 Kd7 29. Nf3 Qg3 30. Be5 Qg6 31. Qa5 Rc8 32. Qxa6 Bxf3 33. Qa7+ Kc6 34. Rxf3
Rhg8 35. Rg3 Nxe5 36. Qb6+ 1-0

[Event "Olimpiade 2016 - Donne"]
[Site "Baku"]
[Date "12.09.2016"]
[Round "10.25"]
[Board "2"]
[White "Montilla Reyes, Jorcerys"]
[Black "Maslikova, Veronika"]
[Result "0-1"]
[WhiteTitle "WIM"]
[BlackTitle "WIM"]
[WhiteElo "2194"]
[BlackElo "2247"]
[WhiteTeam "Venezuela"]
[BlackTeam "Slovakia"]
[WhiteFideId "3900517"]
[BlackFideId "14904888"]
[EventDate "2016.09.02"]

1. d4 Nf6 2. c4 e6 3. Nf3 Bb4+ 4. Bd2 a5 5. e3 O-O 6. Bd3 d6 7. O-O Bxd2 8.
Nbxd2 Nbd7 9. Qc2 Qe7 10. a3 b6 11. b4 axb4 12. axb4 Bb7 13. e4 e5 14. d5 Nh5
15. Rfc1 Nf4 16. Bf1 Qf6 17. Nb3 Qg6 18. Nh4 Qg4 19. g3 g5 20. Nf5 Kh8 21. Ne3
Qf3 22. Rxa8 Rxa8 23. gxf4 gxf4 24. Ng2 Rg8 25. Nd2 Qh3 26. Qc3 Qh5 27. Qf3 Qh6
28. Rc3 Nf6 29. Ra3 Bc8 30. Ra8 Ng4 31. h3 Nf6 32. Rxc8 Rxc8 33. c5 bxc5 34.
bxc5 Qg6 35. Bd3 Ra8 36. Nc4 Ra1+ 37. Kh2 Nh5 38. cxd6 cxd6 39. Qg4 Qxg4 40.
hxg4 Nf6 41. f3 Ne8 42. Nb6 Kg8 43. Nc8 Ra3 44. Be2 Kf8 45. Kg1 Ra8 46. Nb6 Ra1+
47. Kf2 h5 48. gxh5 Rh1 49. Bb5 Nf6 50. Nc8 Nxh5 51. Nxd6 Ng3 52. Ne1 Rh2+ 53.
Kg1 Rh1+ 54. Kf2 Rh2+ 55. Ng2 Rh1 56. Nxf4 exf4 57. e5 Rb1 58. Bc4 Rc1 59. Bb5
Rb1 60. Bc6 Rb2+ 61. Kg1 Ne2+ 62. Kf1 Nd4 63. Ba8 Nxf3 64. e6 Nh2+ 65. Kg1 f3
66. Ne4 fxe6 67. dxe6 Ng4 0-1

[Event "Olimpiade 2016 - Donne"]
[Site "Baku"]
[Date "12.09.2016"]
[Round "10.25"]
[Board "3"]
[White "Vrbova, Niki"]
[Black "Ubaldo Suarez, Maria Gisela"]
[Result "1-0"]
[WhiteTitle "WFM"]
[BlackTitle "WIM"]
[WhiteElo "2186"]
[BlackElo "2062"]
[WhiteTeam "Slovakia"]
[BlackTeam "Venezuela"]
[WhiteFideId "14906341"]
[BlackFideId "3900630"]
[EventDate "2016.09.02"]

1. e4 c5 2. Nf3 d6 3. d4 cxd4 4. Nxd4 Nf6 5. Nc3 g6 6. Be2 Bg7 7. Be3 Nc6 8. f3
O-O 9. Qd2 Bd7 10. O-O-O Rc8 11. g4 Ne5 12. Bh6 Rxc3 13. Bxg7 Rxc2+ 14. Kxc2
Kxg7 15. h4 h5 16. gxh5 Nxh5 17. Rhg1 Rh8 18. f4 Nc6 19. Nxc6 Bxc6 20. Bf3 e6
21. Rg5 Qf6 22. e5 dxe5 23. Bxc6 Rc8 24. Kb1 Rxc6 25. fxe5 Qf3 26. Qd3 Qf2 27.
Rf1 Qxh4 28. Rxf7+ Kxf7 29. Qxg6+ Kf8 30. Qg8+ Ke7 31. Qh7+ 1-0

[Event "Olimpiade 2016 - Donne"]
[Site "Baku"]
[Date "12.09.2016"]
[Round "10.25"]
[Board "4"]
[White "Patino Garcia, Corals"]
[Black "Motycakova, Monika"]
[Result "0-1"]
[WhiteTitle "WCM"]
[BlackTitle "WFM"]
[WhiteElo "1994"]
[BlackElo "2109"]
[WhiteTeam "Venezuela"]
[BlackTeam "Slovakia"]
[WhiteFideId "3902781"]
[BlackFideId "14909626"]
[EventDate "2016.09.02"]

1. d4 Nf6 2. c4 e6 3. Nc3 Bb4 4. Qc2 O-O 5. Nf3 c5 6. dxc5 Na6 7. e3 Nxc5 8. a3
Bxc3+ 9. Qxc3 a5 10. b3 d6 11. Bd3 e5 12. Bc2 Nfe4 13. Qb2 f5 14. b4 Ne6 15. O-O
Qe8 16. c5 dxc5 17. bxc5 N6xc5 18. Nxe5 Ra6 19. f3 Ng5 20. Qc3 Qe7 21. Bb2 Rh6
22. Rac1 b6 23. Nc4 Ba6 24. Rfd1 Nge6 25. g3 Qg5 26. Nxb6 Qh5 27. Rd2 Qxf3 28.
Rf2 Qc6 29. Na4 Bb7 30. e4 Nxa4 31. Bxa4 Qxe4 32. Bc6 Bxc6 33. Qxc6 Ng5 34. Qc3
Nh3+ 35. Kf1 Qh1+ 36. Ke2 Re6+ 37. Kd2 Qd5+ 38. Qd4 Qxd4+ 39. Bxd4 Nxf2 40. Bxf2
Rd8+ 0-1

[Event "Olimpiade 2016 - Donne"]
[Site "Baku"]
[Date "12.09.2016"]
[Round "10.26"]
[Board "2"]
[White "Havlikova, Kristyna"]
[Black "Khan, Nazrana"]
[Result "1-0"]
[WhiteTitle "WIM"]
[BlackTitle "WFM"]
[WhiteElo "2271"]
[BlackElo "1965"]
[WhiteTeam "Czech Republic"]
[BlackTeam "Bangladesh"]
[WhiteFideId "309672"]
[BlackFideId "10201734"]
[EventDate "2016.09.02"]

1. e4 c5 2. Nf3 e6 3. d4 cxd4 4. Nxd4 Nc6 5. Nc3 a6 6. Be2 Qc7 7. Be3 Nf6 8. O-O
Be7 9. f4 d6 10. Qe1 O-O 11. Qg3 Nxd4 12. Bxd4 b5 13. a3 Bb7 14. Bd3 e5 15. fxe5
Nh5 16. Qf2 dxe5 17. Bb6 Qd6 18. Rad1 Qg6 19. Nd5 Bxd5 20. exd5 e4 21. Be2 Nf4
22. Qxf4 Qxb6+ 23. Kh1 Bf6 24. d6 Bxb2 25. Qxe4 Rad8 26. d7 Bxa3 27. Qd5 Be7 28.
Bg4 Bf6 29. c4 bxc4 30. Qxc4 a5 31. Rd5 Qb4 32. Qe2 a4 33. Rb5 Qc3 34. Rf3 Qd4
35. Rd3 Qc4 36. Ra5 Qb4 37. Ra6 Qb5 38. Rd2 Qb3 39. h3 Bc3 40. Rd3 f5 41. Bf3
Qb4 42. Qa2+ Kh8 43. Rxa4 Qb2 44. Qc4 Bf6 45. Ra5 Qf2 46. Qc1 Bg5 47. Qd1 Bh4
48. Ra1 Bf6 49. Rc1 Be5 50. Bc6 Qf4 51. Qg1 g6 52. Rf3 Qd4 53. Qxd4 Bxd4 54. Re1
Kg7 55. Rb3 Bf6 56. Re8 Kf7 57. Rbe3 Rb8 58. g3 Rb1+ 59. Kg2 Rb2+ 60. Kf3 Rb8
61. Bd5+ Kg7 62. Bc6 Kf7 63. Ba4 Kg7 64. R3e6 Rd8 65. Ke3 Rb8 66. Kd3 Ra8 67.
Bc6 Rd8 68. Kc4 h6 69. Kc5 g5 70. Kb6 Bc3 71. Kb7 Ba5 72. Re5 f4 73. gxf4 gxf4
74. Rxa5 f3 75. Rxf8 Rxf8 76. Bxf3 1-0

[Event "Olimpiade 2016 - Donne"]
[Site "Baku"]
[Date "12.09.2016"]
[Round "10.26"]
[Board "3"]
[White "Hamid, Rani"]
[Black "Olsarova, Karolina"]
[Result "1/2-1/2"]
[WhiteTitle "WIM"]
[BlackTitle "WIM"]
[WhiteElo "1993"]
[BlackElo "2255"]
[WhiteTeam "Bangladesh"]
[BlackTeam "Czech Republic"]
[WhiteFideId "10200096"]
[BlackFideId "320242"]
[EventDate "2016.09.02"]

1. e4 Nf6 2. e5 Nd5 3. d4 d6 4. c4 Nb6 5. f4 dxe5 6. fxe5 Nc6 7. Be3 Bf5 8. Nf3
e6 9. Be2 Qd7 10. O-O O-O-O 11. Nc3 f6 12. Rc1 Bg4 13. exf6 gxf6 14. Ne4 Qg7 15.
Qe1 f5 16. Nc5 f4 17. Bf2 Bh3 18. Nh4 Nxd4 19. Kh1 Bxc5 20. gxh3 Qh6 21. Bg4 Kb8
22. Qe4 Rhe8 23. b4 Bf8 24. Bxd4 Qxh4 25. Bf3 c6 26. Be5+ Bd6 27. Bxd6+ Rxd6 28.
Qe5 Nxc4 29. Rxc4 Rd8 30. Rd4 Qxh3 31. Bg2 Qe3 32. Qxe3 fxe3 33. Re4 Rd4 34.
Rxe3 Rxb4 35. Rxe6 Rd7 36. Bh3 Rg7 37. Re3 Rb2 38. Rf8+ Kc7 39. Rc8+ Kd6 40.
Rd3+ Kc5 41. Rf8 Rxa2 42. Rf5+ Kb6 43. Rb3+ Kc7 44. Rf1 b6 45. Rc3 Rd2 46. Rfc1
c5 47. Ra3 a5 48. Rf3 Rd8 49. Bf1 Rd6 50. Bb5 Re7 51. Rf4 Rde6 52. Kg2 Rh6 53.
h4 Rhe6 54. Rcf1 Rg6+ 55. Kf3 Rd6 56. Rg1 Rd8 57. Rf6 Rd6 58. Rf8 Rd8 59. Rxd8
Kxd8 60. Rg8+ Kc7 61. h5 Kd6 62. Rb8 c4 63. Bxc4 Kc5 64. Bd3 a4 65. Rc8+ Kd4 66.
Be2 Ra7 67. Rc4+ Kd5 68. Rc2 a3 69. Bc4+ Kd4 70. Ba2 b5 71. Rc6 Rb7 72. Kf4 Rg7
73. Ra6 b4 74. h6 Rg2 75. Bb1 Kc3 76. Bxh7 Kb2 77. Be4 Rh2 78. Bd5 b3 79. Rb6
Rxh6 80. Rxb3+ Kc2 81. Rxa3 Rh4+ 82. Ke3 Rh3+ 83. Bf3 Kb2 84. Rd3 Kc2 85. Kd4
Rh8 86. Bd5 Rd8 87. Rh3 Kd2 88. Rh2+ Kc1 89. Kc3 1/2-1/2

[Event "Olimpiade 2016 - Donne"]
[Site "Baku"]
[Date "12.09.2016"]
[Round "10.26"]
[Board "4"]
[White "Rodshtein, Tereza"]
[Black "Sultana, Zakia"]
[Result "1-0"]
[WhiteTitle "WGM"]
[BlackTitle "WFM"]
[WhiteElo "2230"]
[BlackElo "1885"]
[WhiteTeam "Czech Republic"]
[BlackTeam "Bangladesh"]
[WhiteFideId "325449"]
[BlackFideId "10201220"]
[EventDate "2016.09.02"]

1. e4 e6 2. d3 d5 3. Nd2 c5 4. Ngf3 Nc6 5. g3 Nf6 6. Bg2 Be7 7. O-O O-O 8. e5
Nd7 9. Re1 Rb8 10. Nf1 b5 11. h4 a5 12. Bf4 a4 13. h5 Kh8 14. N1h2 Rb6 15. h6 g5
16. Bd2 Rg8 17. Ng4 Rg6 18. c4 bxc4 19. dxc4 d4 20. Qxa4 Nb4 21. Qb3 Ba6 22. a3
Nc6 23. Qc2 Qb8 24. Qc1 Rxb2 25. Bxg5 Rb3 26. Qf4 Rxf3 27. Qxf3 Ncxe5 28. Nxe5
Nxe5 29. Rxe5 Bxg5 30. Rxg5 f5 31. Rxg6 hxg6 32. Qe2 e5 33. Bd5 1-0

[Event "Olimpiade 2016 - Donne"]
[Site "Baku"]
[Date "12.09.2016"]
[Round "10.27"]
[Board "1"]
[White "Real Pereyra, Diana Carime"]
[Black "Shabanaj, Eglantina"]
[Result "1-0"]
[WhiteTitle "WIM"]
[BlackTitle "WCM"]
[WhiteElo "2136"]
[BlackElo "1932"]
[WhiteTeam "Mexico"]
[BlackTeam "Albania"]
[WhiteFideId "5104106"]
[BlackFideId "4700562"]
[EventDate "2016.09.02"]

1. e4 c5 2. Nf3 Nc6 3. Nc3 Nf6 4. d4 cxd4 5. Nxd4 g6 6. Nxc6 bxc6 7. e5 Ng8 8.
Bc4 Bg7 9. f4 Qb6 10. Qd3 Nh6 11. Be3 Qc7 12. O-O Nf5 13. Bc5 h5 14. Ne4 O-O 15.
Rad1 Kh8 16. g3 f6 17. exf6 Bxf6 18. Nxf6 Rxf6 19. h3 d5 20. Bb3 Qa5 21. Bf2 Kh7
22. Rfe1 e6 23. g4 Ng7 24. Qd4 Rf7 25. c3 Qc7 26. Re5 Bd7 27. Bc2 hxg4 28. hxg4
Be8 29. Kg2 c5 30. Rh1+ Kg8 31. Qe3 d4 32. Qh3 Bc6+ 33. Kg3 Bxh1 34. Qxh1 Rb8
35. Bxg6 Rxb2 36. Qh7+ Kf8 37. Qh8+ Ke7 38. Bxf7 Qa5 39. Qxg7 Qxc3+ 40. Kh4 Kd6 1-0